000 00564nam a2200193Ia 4500
005 20250508164802.0
008 008 250505s9999 xx 000 0 eng d
037 _aReference
040 _aFEDL
_beng
_cFEDL
041 _aeng
_2eng
084 _a900, BEH/RR
_qFEDL
100 _aBehula Khan and others Ed.
_9779167
245 0 _aHistory and civics: Class-8 (For the ICSE schools)
260 _aDelhi, India
_bRatan Sagar Pvt. Ltd.
_c2006
300 _a168p.
365 _aINR
_b209.9
942 _cREF
_h900, BEH/RR
999 _c1391160
_d1391160